[Event "Peterborough 4NCL Easter op-A"]
[Site "Peterborough"]
[Date "2024.03.31"]
[Round "4"]
[White "Burrows, Martin P"]
[Black "Khoury, Theo"]
[Result "1/2-1/2"]
[WhiteElo "1998"]
[BlackElo "2113"]
[PlyCount "83"]
[EventDate "2024.03.29"]
[EventType "swiss"]
[EventRounds "7"]
[EventCountry "ENG"]
[SourceTitle "CB14_2024"]
[SourceDate "2024.04.01"]
[SourceVersion "1"]
[SourceVersionDate "2024.04.01"]
[SourceQuality "1"]

1. e4 c5 2. Nf3 d6 3. d4 cxd4 4. Nxd4 Nf6 5. Nc3 a6 6. Bc4 e6 7. Bb3 b5 8. f3 Be7 9. Be3 Qc7 10. Qd2 Nc6 11. g4 Bd7 12. g5 Nh5 13. Nce2 Na5 14. 0-0-0 Nxb3+ 15. Nxb3 a5 16. Kb1 a4 17. Nbc1 0-0 18. Ng3 g6 19. Nxh5 gxh5 20. e5 d5 21. Nd3 b4 22. Rc1 Bb5 23. Bd4 Bxd3 24. cxd3 Qb7 25. f4 Rfc8 26. f5 exf5 27. e6 fxe6 28. Qe2 Qa6 29. Qe5 Kf7 30. Qg7+ Ke8 31. Bf6 Qd6 32. Qxh7 a3 33. Qxh5+ Kd7 34. Qf7 axb2 35. Rxc8 Rxc8 36. h4 Rc1+ 37. Rxc1 bxc1Q+ 38. Kxc1 Qf4+ 39. Kc2 b3+ 40. Kxb3 Qb4+ 41. Kc2 Qa4+ 42. Kb2 1/2-1/2

[Event "Peterborough 4NCL Easter op-A"]
[Site "Peterborough"]
[Date "2024.03.30"]
[Round "2"]
[White "Cheng, Louis1"]
[Black "Burrows, Martin P"]
[Result "0-1"]
[WhiteElo "1826"]
[BlackElo "1998"]
[PlyCount "62"]
[EventDate "2024.03.29"]
[EventType "swiss"]
[EventRounds "7"]
[EventCountry "ENG"]
[SourceTitle "CB14_2024"]
[SourceDate "2024.04.01"]
[SourceVersion "1"]
[SourceVersionDate "2024.04.01"]
[SourceQuality "1"]

1. e4 c5 2. Nc3 Nc6 3. Nf3 e5 4. Bc4 Be7 5. 0-0 Nf6 6. d3 0-0 7. Bg5 d6 8. Nd2 Bg4 9. f3 Be6 10. Bxf6 Bxf6 11. Nd5 Bg5 12. f4 exf4 13. Nxf4 Bxf4 14. Rxf4 d5 15. exd5 Bxd5 16. Qh5 Bxc4 17. Nxc4 b6 18. Raf1 Qd7 19. R1f3 Rae8 20. Rg4 Re1+ 21. Kf2 Re6 22. c3 b5 23. Rh3 h6 24. Nd2 Ne5 25. Rgg3 f5 26. Nb3 Ng4+ 27. Kf1 Qe7 28. Re3 Rxe3 29. Rxe3 Qxe3 30. Qh4 Qxd3+ 31. Ke1 Re8+ 0-1

[Event "British Rapidplay"]
[Site "Peterborough"]
[Date "2024.03.03"]
[Round "9"]
[White "Ortiz Sanchez, Luis"]
[Black "Burrows, Martin P"]
[Result "1-0"]
[WhiteElo "1926"]
[BlackElo "1998"]
[PlyCount "145"]
[EventDate "2024.03.02"]
[EventType "swiss (rapid)"]
[EventRounds "11"]
[EventCountry "ENG"]
[SourceTitle "CB10_2024"]
[SourceDate "2024.03.06"]
[SourceVersion "1"]
[SourceVersionDate "2024.03.06"]
[SourceQuality "1"]

1. e4 e5 2. Nf3 Nc6 3. Nc3 Nf6 4. Bb5 Bb4 5. 0-0 0-0 6. d3 Bxc3 7. bxc3 d6 8. Bg5 a6 9. Ba4 Qe7 10. Nd2 h6 11. Bh4 g5 12. Bg3 b5 13. Bb3 Na5 14. a3 Nxb3 15. cxb3 Bg4 16. f3 Be6 17. Re1 Nh5 18. Nf1 Qf6 19. Ne3 Qg6 20. c4 c6 21. Qd2 Nf4 22. d4 bxc4 23. bxc4 Rfb8 24. d5 cxd5 25. cxd5 Bd7 26. Rab1 Bb5 27. Nf5 Qf6 28. Bf2 Kh7 29. h3 Rc8 30. Kh2 Rc4 31. Rec1 Rac8 32. Rxc4 Rxc4 33. Rb4 Rxb4 34. axb4 Qd8 35. Be3 Qc7 36. Bxf4 gxf4 37. g3 Bd7 38. gxf4 Bxf5 39. exf5 f6 40. fxe5 fxe5 41. Qd3 Qb6 42. f6+ Kh8 43. Qc2 Qd8 44. Qg6 Qf8 45. f7 Qg7 46. Qxd6 Qxf7 47. Qxe5+ Kh7 48. d6 Qxf3 49. Qc5 Qe2+ 50. Kg3 Qe1+ 51. Kf4 Qh4+ 52. Ke5 Kg6 53. d7 Qf6+ 54. Kd5 Kf7 55. Qd6 Qf5+ 56. Kc6 Qc2+ 57. Kb7 Qe4+ 58. Kc8 Qa8+ 59. Kc7 Qa7+ 60. Kc6 Qa8+ 61. Kb6 Qd8+ 62. Qc7 Qf6+ 63. Qc6 Qd4+ 64. Kc7 Qa7+ 65. Kd6 Qb8+ 66. Kd5 Qxb4 67. Qe6+ Kg7 68. Qe5+ Kf7 69. d8Q Qb5+ 70. Kd6 Qb4+ 71. Kc7 Qc4+ 72. Kb7 Qb4+ 73. Qb6 1-0

[Event "Sitges Sunway op 10th"]
[Site "Sitges"]
[Date "2023.12.12"]
[Round "1"]
[White "Can, Isik"]
[Black "Burrows, Martin P"]
[Result "1-0"]
[WhiteElo "2506"]
[BlackElo "2037"]
[PlyCount "77"]
[EventDate "2023.12.12"]
[EventType "swiss"]
[EventRounds "10"]
[EventCountry "ESP"]
[SourceTitle "CB52_2023"]
[SourceDate "2023.12.27"]
[SourceVersion "1"]
[SourceVersionDate "2023.12.27"]
[SourceQuality "1"]

1. e4 c5 2. Nf3 d6 3. d4 cxd4 4. Nxd4 Nf6 5. Nc3 a6 6. h3 e5 7. Nb3 Be6 8. f4 Nbd7 9. g4 h6 10. f5 Bxb3 11. axb3 Nh7 12. Be3 Be7 13. Bc4 Bh4+ 14. Ke2 Nb6 15. Nd5 Nxc4 16. bxc4 0-0 17. Qd3 Rc8 18. Rad1 Nf6 19. Nb6 Rc6 20. c5 Nd7 21. Qxd6 Rxd6 22. Rxd6 Qc7 23. Nxd7 Re8 24. Nb6 Be7 25. Rd5 Qc6 26. c4 Bd8 27. b3 Bxb6 28. cxb6 g6 29. Rhd1 gxf5 30. gxf5 f6 31. Kf3 Kf7 32. Rd6 Qc8 33. Rd7+ Kg8 34. Rc7 Qa8 35. Rdd7 Rd8 36. Rg7+ Kh8 37. Rh7+ Kg8 38. Rcg7+ Kf8 39. Bc5+ 1-0

[Event "ENG-ch Chessable"]
[Site "Kenilworth"]
[Date "2023.05.27"]
[Round "3"]
[White "Derakhshani, Borna"]
[Black "Burrows, Martin P"]
[Result "1-0"]
[WhiteElo "2359"]
[BlackElo "2131"]
[PlyCount "67"]
[EventDate "2023.05.26"]
[EventType "swiss"]
[EventRounds "7"]
[EventCountry "ENG"]
[SourceTitle "CBM 214 Extra"]
[Source "ChessBase"]
[SourceDate "2023.07.31"]
[SourceVersion "1"]
[SourceVersionDate "2023.07.31"]
[SourceQuality "1"]

1. Nf3 Nf6 2. c4 g6 3. b3 Bg7 4. Bb2 0-0 5. g3 d6 6. d4 c5 7. Bg2 Nc6 8. d5 Na5 9. 0-0 b5 10. cxb5 Bb7 11. Ne1 a6 12. bxa6 Rxa6 13. Nc3 Qa8 14. Rb1 e6 15. e4 exd5 16. exd5 Bc8 17. Nc2 Bf5 18. Rc1 c4 19. b4 Nb7 20. a4 Bd3 21. Re1 Rxa4 22. Nxa4 Qxa4 23. Bc3 Nd7 24. Nd4 Qa7 25. Nc6 Qb6 26. Bxg7 Kxg7 27. Bf1 Qb5 28. Bxd3 cxd3 29. Rc3 Qxd5 30. Qxd3 Qg5 31. h4 Qg4 32. Qd4+ Qxd4 33. Nxd4 Ne5 34. f4 1-0

[Event "BCF-chT2 2223 (4NCL)"]
[Site "England"]
[Date "2023.05.01"]
[Round "11.54"]
[White "Henderson, David"]
[Black "Burrows, Martin P"]
[Result "1-0"]
[WhiteElo "2143"]
[BlackElo "2121"]
[PlyCount "73"]
[EventDate "2022.10.22"]
[EventType "team-tourn"]
[EventRounds "11"]
[EventCountry "ENG"]
[SourceTitle "EXT 2024"]
[Source "ChessBase"]
[SourceDate "2023.10.10"]
[SourceVersion "1"]
[SourceVersionDate "2023.10.10"]
[SourceQuality "1"]
[WhiteTeam "North East England"]
[BlackTeam "The Rookies"]
[WhiteTeamCountry "ENG"]
[BlackTeamCountry "ENG"]

1. e4 c5 2. c3 d5 3. exd5 Qxd5 4. d4 e6 5. Nf3 Nf6 6. Na3 Qd8 7. Nc4 Be7 8. Bd3 0-0 9. 0-0 Nbd7 10. Bf4 Nd5 11. Bg3 b5 12. Ne3 c4 13. Nxd5 exd5 14. Bc2 Bb7 15. Ne5 Nf6 16. f3 a5 17. Qd2 Nh5 18. Bf2 Bg5 19. Be3 Bxe3+ 20. Qxe3 Re8 21. Qd2 Qh4 22. g3 Qe7 23. Rae1 Qd6 24. Qg5 Nf6 25. Qf4 Qf8 26. Qh4 h6 27. Qf4 Ra6 28. Kf2 Bc8 29. Re2 Nd7 30. Rfe1 Nxe5 31. Rxe5 Rxe5 32. Qxe5 Be6 33. f4 f6 34. Qc7 Qd6 35. Qb7 Qb6 36. Qe7 Qd6 37. Qe8+ 1-0

[Event "Daventry 4NCL Easter op-A 3rd"]
[Site "Daventry"]
[Date "2023.04.10"]
[Round "7"]
[White "Burrows, Martin P"]
[Black "Chan, Sheng Liang Bernard"]
[Result "1-0"]
[WhiteElo "2121"]
[BlackElo "2043"]
[PlyCount "79"]
[EventDate "2023.04.07"]
[EventType "swiss"]
[EventRounds "7"]
[EventCountry "ENG"]
[SourceTitle "CBM 213 Extra"]
[Source "ChessBase"]
[SourceDate "2023.05.31"]
[SourceVersion "1"]
[SourceVersionDate "2023.05.31"]
[SourceQuality "1"]

1. e4 d5 2. exd5 Qxd5 3. Nc3 Qd8 4. d4 Nf6 5. Nf3 g6 6. Bf4 Bg7 7. Qd2 0-0 8. 0-0-0 Nd5 9. Bh6 Nxc3 10. Bxg7 Nxa2+ 11. Kb1 Kxg7 12. Bc4 Qd6 13. Bxa2 Bg4 14. Qc3 Nd7 15. Rd3 Bxf3 16. Rxf3 Nf6 17. h4 Rad8 18. h5 Qxd4 19. Qe1 Qd2 20. Qg1 Rd6 21. Bc4 Rfd8 22. Qh2 g5 23. h6+ Kf8 24. Qe5 Qd4 25. Qe2 b5 26. Bxb5 Re6 27. Re3 Rxe3 28. fxe3 Qe5 29. Bc4 Ne4 30. Rd1 Rxd1+ 31. Qxd1 Qd6 32. Qg4 Nd2+ 33. Kc1 e5 34. Be2 e4 35. Qxg5 c6 36. Qg7+ Ke7 37. Qc3 Qxh6 38. Kxd2 Qg6 39. g4 Qd6+ 40. Qd4 1-0

[Event "Daventry 4NCL Easter op-A 3rd"]
[Site "Daventry"]
[Date "2023.04.08"]
[Round "2"]
[White "Gardiner, Eric D"]
[Black "Burrows, Martin P"]
[Result "0-1"]
[WhiteElo "1860"]
[BlackElo "2121"]
[PlyCount "92"]
[EventDate "2023.04.07"]
[EventType "swiss"]
[EventRounds "7"]
[EventCountry "ENG"]
[SourceTitle "CBM 213 Extra"]
[Source "ChessBase"]
[SourceDate "2023.05.31"]
[SourceVersion "1"]
[SourceVersionDate "2023.05.31"]
[SourceQuality "1"]

1. e4 c5 2. c3 d5 3. exd5 Qxd5 4. d4 e6 5. Nf3 Nf6 6. Na3 Qd8 7. Nc4 Be7 8. Bd3 Nbd7 9. 0-0 0-0 10. Bf4 Nd5 11. Bg3 b5 12. Ne3 c4 13. Bc2 Bb7 14. Ne5 f5 15. Nxd5 Bxd5 16. Qd2 Nf6 17. Bh4 Rb8 18. b3 cxb3 19. axb3 Qc7 20. Rfc1 Bd6 21. c4 bxc4 22. bxc4 Ba8 23. f4 Bb4 24. Qe3 Ne4 25. Be1 a5 26. Ba4 Rfd8 27. Bb5 Qd6 28. Bxb4 axb4 29. c5 Qc7 30. Bc4 Bd5 31. Ra6 Re8 32. Bxd5 exd5 33. Qb3 Nc3 34. Rxc3 bxc3 35. Qxd5+ Kh8 36. Ra2 Rb1+ 37. Kf2 Rb2+ 38. Rxb2 cxb2 39. Nf7+ Qxf7 40. Qxf7 Rb8 41. Qxf5 b1Q 42. Qxb1 Rxb1 43. c6 Rc1 44. d5 Kg8 45. Ke3 Kf7 46. Kd4 Ke7 0-1

[Event "BCF-chT2 2223 (4NCL)"]
[Site "England"]
[Date "2023.03.19"]
[Round "8.63"]
[White "Crocker, Philip J"]
[Black "Burrows, Martin P"]
[Result "1-0"]
[WhiteElo "2196"]
[BlackElo "2121"]
[PlyCount "113"]
[EventDate "2022.10.22"]
[EventType "team-tourn"]
[EventRounds "11"]
[EventCountry "ENG"]
[SourceTitle "EXT 2024"]
[Source "ChessBase"]
[SourceDate "2023.10.10"]
[SourceVersion "1"]
[SourceVersionDate "2023.10.10"]
[SourceQuality "1"]
[WhiteTeam "Spirit of Atticus"]
[BlackTeam "The Rookies"]
[WhiteTeamCountry "ENG"]
[BlackTeamCountry "ENG"]

1. d4 Nf6 2. c4 e6 3. g3 d5 4. Nf3 Be7 5. Bg2 0-0 6. 0-0 dxc4 7. Qc2 a6 8. a4 Bd7 9. Qxc4 Bc6 10. Bf4 Bd6 11. Qc1 a5 12. Nc3 Na6 13. Rd1 Nb4 14. Be5 Be7 15. Bxf6 Bxf6 16. e4 g6 17. e5 Bg7 18. Ng5 Bxg2 19. Kxg2 Qe7 20. Nge4 b6 21. Qf4 f6 22. exf6 Bxf6 23. Nxf6+ Rxf6 24. Qe4 Raf8 25. Rd2 Qf7 26. f4 Nd5 27. Rc1 Qd7 28. Nxd5 exd5 29. Qe5 c6 30. Re2 Qg7 31. Rxc6 Rxc6 32. Qxd5+ Kh8 33. Qxc6 Qxd4 34. Qe4 Rd8 35. Qxd4+ Rxd4 36. b3 Rb4 37. Re3 b5 38. axb5 Rxb5 39. Kf3 Rb4 40. Kg4 Kg7 41. Re7+ Kh6 42. Ra7 Rxb3 43. Rxa5 Rb7 44. h4 Kg7 45. h5 gxh5+ 46. Kxh5 h6 47. g4 Rf7 48. f5 Rf6 49. Ra7+ Kg8 50. Re7 Ra6 51. Re6 Ra4 52. Rxh6 Kf7 53. Rb6 Ra1 54. Kg5 Rg1 55. Rb7+ Kg8 56. Kh5 Rh1+ 57. Kg6 1-0

[Event "BCF-chT2 2223 (4NCL)"]
[Site "England"]
[Date "2023.03.18"]
[Round "7.63"]
[White "Burrows, Martin P"]
[Black "Dilley, Jason M"]
[Result "1/2-1/2"]
[WhiteElo "2121"]
[BlackElo "2089"]
[PlyCount "149"]
[EventDate "2022.10.22"]
[EventType "team-tourn"]
[EventRounds "11"]
[EventCountry "ENG"]
[SourceTitle "EXT 2024"]
[Source "ChessBase"]
[SourceDate "2023.10.10"]
[SourceVersion "1"]
[SourceVersionDate "2023.10.10"]
[SourceQuality "1"]
[WhiteTeam "The Rookies"]
[BlackTeam "The Sharks II"]
[WhiteTeamCountry "ENG"]
[BlackTeamCountry "ENG"]

1. e4 d6 2. d4 Nf6 3. Nc3 Nbd7 4. Nf3 e5 5. g4 Nxg4 6. Rg1 Ngf6 7. Be3 c6 8. Qd2 b5 9. 0-0-0 b4 10. dxe5 Qa5 11. exf6 bxc3 12. Qd4 gxf6 13. Bc4 cxb2+ 14. Kb1 Ne5 15. Nxe5 fxe5 16. Qd3 Be6 17. Bxe6 fxe6 18. Bg5 h6 19. Bf6 Rh7 20. Qb3 d5 21. exd5 cxd5 22. Bxe5 Rc8 23. Rg6 Qa6 24. Qxd5 exd5 25. Rxa6 Rd7 26. f4 Rc4 27. Kxb2 h5 28. Re6+ Kd8 29. Rd3 Rb4+ 30. Rb3 Rxb3+ 31. axb3 d4 32. c3 dxc3+ 33. Kxc3 a5 34. Kc4 Rb7 35. Bc3 Bb4 36. Bf6+ Kd7 37. Re3 Rc7+ 38. Kd5 Rc5+ 39. Ke4 Ke6 40. Be5 h4 41. Rh3 Be1 42. Rd3 Rb5 43. f5+ Kf7 44. Kf4 Rb7 45. Kg5 Ra7 46. Rd1 Bf2 47. Rf1 Be3+ 48. Kxh4 Rb7 49. Bc3 Rxb3 50. Bxa5 Ra3 51. Bc7 Rc3 52. Be5 Rc5 53. Ba1 Rc2 54. Kg3 Rd2 55. Rb1 Bd4 56. Rb7+ Kf8 57. Bxd4 Rxd4 58. h4 Rc4 59. Ra7 Rb4 60. h5 Kg8 61. h6 Rb6 62. Rg7+ Kh8 63. Rg6 Rb4 64. f6 Rb6 65. Kh4 Kh7 66. Kh5 Rb1 67. Rg7+ Kh8 68. f7 Rh1+ 69. Kg4 Rg1+ 70. Kf3 Rf1+ 71. Ke2 Re1+ 72. Kf2 Rf1+ 73. Kg2 Rg1+ 74. Kh2 Rh1+ 75. Kxh1 1/2-1/2

[Event "GBR-ch 108th"]
[Site "Torquay"]
[Date "2022.08.20"]
[Round "8"]
[White "Domenech, Vianney"]
[Black "Burrows, Martin P"]
[Result "1/2-1/2"]
[WhiteElo "2258"]
[BlackElo "2064"]
[PlyCount "157"]
[EventDate "2022.08.13"]
[EventType "swiss"]
[EventRounds "9"]
[EventCountry "ENG"]
[SourceTitle "CBM 209 Extra"]
[Source "ChessBase"]
[SourceDate "2022.09.30"]
[SourceVersion "1"]
[SourceVersionDate "2022.09.30"]
[SourceQuality "1"]

1. d4 Nf6 2. Bf4 e6 3. e3 c5 4. c3 b6 5. Nf3 Bb7 6. Nbd2 Be7 7. h3 cxd4 8. exd4 0-0 9. Bd3 d6 10. 0-0 Nbd7 11. Qe2 Re8 12. Rfe1 Nf8 13. Bb5 Ng6 14. Bg3 Rf8 15. Nh4 Nxh4 16. Bxh4 a6 17. Bd3 Re8 18. Bxf6 Bxf6 19. Be4 Bxe4 20. Qxe4 d5 21. Qd3 Qc7 22. a4 Reb8 23. g3 Qc6 24. b4 Rc8 25. Re3 a5 26. b5 Qd6 27. f4 Ra7 28. Kg2 Rac7 29. Nb1 g6 30. Ra2 Bg7 31. Rf2 f6 32. Rfe2 Re7 33. Nd2 Kf7 34. h4 Rec7 35. Nb1 Rc4 36. Qd1 Re8 37. h5 Qd7 38. Nd2 Rc7 39. Qh1 Qc8 40. Nb1 Rc4 41. Qd1 Bh6 42. Re1 Kg7 43. R3e2 Kf7 44. Rh1 g5 45. fxg5 Bxg5 46. Rhe1 Kg8 47. Rf2 Kh8 48. Rfe2 Kg7 49. Rf2 Kh8 50. Kh2 Qc7 51. Rf3 Qc8 52. h6 f5 53. Qe2 Bxh6 54. Qe5+ Bg7 55. Qd6 Rxa4 56. Qxb6 Ra2+ 57. Kg1 Bh6 58. Qd6 a4 59. Rf2 Rxf2 60. Kxf2 f4 61. gxf4 Bxf4 62. Qc6 Qxc6 63. bxc6 Kg7 64. Na3 Kf6 65. Kf3 Bd2 66. Rh1 Rc8 67. Ke2 Bxc3 68. Nb5 Bb2 69. c7 a3 70. Nd6 Rxc7 71. Ne8+ Kf5 72. Nxc7 a2 73. Rf1+ Kg4 74. Rg1+ Kh3 75. Nxe6 a1Q 76. Ng5+ Kh4 77. Rxa1 Bxa1 78. Nxh7 Bxd4 79. Nf8 1/2-1/2

[Event "GBR-ch 108th"]
[Site "Torquay"]
[Date "2022.08.14"]
[Round "2"]
[White "Dishman, Stephen"]
[Black "Burrows, Martin P"]
[Result "1/2-1/2"]
[WhiteElo "2248"]
[BlackElo "2064"]
[PlyCount "125"]
[EventDate "2022.08.13"]
[EventType "swiss"]
[EventRounds "9"]
[EventCountry "ENG"]
[SourceTitle "CBM 209 Extra"]
[Source "ChessBase"]
[SourceDate "2022.09.30"]
[SourceVersion "1"]
[SourceVersionDate "2022.09.30"]
[SourceQuality "1"]

1. Nf3 Nf6 2. c4 e6 3. g3 d5 4. d4 Be7 5. Bg2 0-0 6. 0-0 dxc4 7. Qc2 a6 8. a4 Bd7 9. Qxc4 Bc6 10. Bf4 Bd6 11. Qc1 a5 12. Nc3 Na6 13. Rd1 Nb4 14. Bg5 Nbd5 15. Re1 Be7 16. Ne5 Nxc3 17. Bxc6 Qxd4 18. Qxc3 Qxc3 19. bxc3 bxc6 20. Nxc6 Bc5 21. Bxf6 gxf6 22. Rab1 Ra6 23. Nd4 Rd8 24. e3 Bxd4 25. cxd4 e5 26. dxe5 fxe5 27. Rb5 Rd2 28. Rxe5 Ra2 29. Re4 Rf6 30. Rf1 Rb6 31. Rc1 Rf6 32. Rf4 Rxf4 33. gxf4 Rxa4 34. Rxc7 Kg7 35. Kg2 Ra1 36. Ra7 a4 37. e4 a3 38. e5 Kg6 39. Ra6+ Kg7 40. f5 Re1 41. f4 Re2+ 42. Kg3 a2 43. h3 f6 44. Ra7+ Kf8 45. e6 Ke8 46. Kg4 Rg2+ 47. Kf3 Rc2 48. Ke4 Re2+ 49. Kd5 Rd2+ 50. Ke4 Re2+ 51. Kd3 Rf2 52. Ke3 Rh2 53. h4 h5 54. Ra5 Rb2 55. Kd3 Rf2 56. Ke4 Re2+ 57. Kd3 Rf2 58. Ke3 Rb2 59. Ra8+ Ke7 60. Ra7+ Ke8 61. Ra5 Rc2 62. Kd3 Rf2 63. Ke3 1/2-1/2

[Event "Daventry 4NCL Easter op-A 2nd"]
[Site "Daventry"]
[Date "2022.04.18"]
[Round "6"]
[White "Burrows, Martin P"]
[Black "Gregory, Keith D"]
[Result "1/2-1/2"]
[WhiteElo "2111"]
[BlackElo "1955"]
[PlyCount "33"]
[EventDate "2022.04.15"]
[EventType "swiss"]
[EventRounds "7"]
[EventCountry "ENG"]
[SourceTitle "CBM 207 Extra"]
[Source "ChessBase"]
[SourceDate "2022.05.31"]
[SourceVersion "1"]
[SourceVersionDate "2022.05.31"]
[SourceQuality "1"]

1. e4 d6 2. d4 Nf6 3. Nc3 Nbd7 4. Nf3 e5 5. g4 h6 6. g5 hxg5 7. Nxg5 exd4 8. Qxd4 Nh7 9. Nf3 c6 10. Bf4 Qf6 11. Qe3 Ne5 12. Be2 Nxf3+ 13. Bxf3 g5 14. Bg3 g4 15. Be2 Bh6 16. Qd3 Bf4 17. Rd1 1/2-1/2

[Event "Daventry 4NCL Easter op-A 2nd"]
[Site "Daventry"]
[Date "2022.04.17"]
[Round "4"]
[White "Burrows, Martin P"]
[Black "Gordon, Frederick"]
[Result "0-1"]
[WhiteElo "2111"]
[BlackElo "1829"]
[PlyCount "88"]
[EventDate "2022.04.15"]
[EventType "swiss"]
[EventRounds "7"]
[EventCountry "ENG"]
[SourceTitle "CBM 207 Extra"]
[Source "ChessBase"]
[SourceDate "2022.05.31"]
[SourceVersion "1"]
[SourceVersionDate "2022.05.31"]
[SourceQuality "1"]

1. e4 c5 2. Nf3 g6 3. d4 cxd4 4. Nxd4 Nc6 5. c4 Nf6 6. Nc3 Nxd4 7. Qxd4 d6 8. Be2 Bg7 9. Be3 0-0 10. Qd2 Be6 11. Rc1 Qa5 12. f3 Rfc8 13. b3 a6 14. Na4 Qxd2+ 15. Kxd2 Nd7 16. g4 f5 17. exf5 gxf5 18. h3 Rf8 19. Nc3 f4 20. Bf2 b5 21. cxb5 axb5 22. Bxb5 Bxc3+ 23. Rxc3 Rxa2+ 24. Rc2 Rxc2+ 25. Kxc2 Ne5 26. Ra1 Rc8+ 27. Kb2 Rb8 28. Ra5 Nxf3 29. b4 Nd2 30. Bh4 Nb3 31. Ra7 Rxb5 32. Rxe7 Bf7 33. Rxf7 Kxf7 34. Kxb3 Ke6 35. Kc4 Rb8 36. b5 d5+ 37. Kc5 d4 38. Kxd4 Rxb5 39. Ke4 Rb4+ 40. Kf3 Ke5 41. Bd8 Rb3+ 42. Kg2 Ke4 43. g5 Rb2+ 44. Kg1 Kf3 0-1

[Event "Daventry 4NCL Easter op-A 2nd"]
[Site "Daventry"]
[Date "2022.04.17"]
[Round "5"]
[White "Phan, Stefanus Kf"]
[Black "Burrows, Martin P"]
[Result "1-0"]
[WhiteElo "1816"]
[BlackElo "2111"]
[PlyCount "97"]
[EventDate "2022.04.15"]
[EventType "swiss"]
[EventRounds "7"]
[EventCountry "ENG"]
[SourceTitle "CBM 207 Extra"]
[Source "ChessBase"]
[SourceDate "2022.05.31"]
[SourceVersion "1"]
[SourceVersionDate "2022.05.31"]
[SourceQuality "1"]

1. c4 Nf6 2. g3 g6 3. Bg2 Bg7 4. Nc3 0-0 5. e4 d6 6. Nge2 c5 7. 0-0 Nc6 8. d3 a6 9. h3 Rb8 10. a4 Ne8 11. Be3 e5 12. Kh2 Nc7 13. Rb1 b5 14. axb5 axb5 15. b3 b4 16. Nd5 Nxd5 17. exd5 Ne7 18. Qd2 Nf5 19. Bg5 Qc7 20. g4 Nd4 21. Nxd4 exd4 22. Rbe1 f6 23. Bf4 Qd8 24. Re6 Bxe6 25. dxe6 Re8 26. Bd5 Kh8 27. Ra1 Qb6 28. Kg2 Bf8 29. Ra4 Be7 30. Qa2 g5 31. Bg3 Kg7 32. Ra6 Qd8 33. Ra7 Qb6 34. Rd7 Kf8 35. f4 gxf4 36. Bxf4 Kg8 37. Bh6 Kh8 38. Qf2 f5 39. Qxf5 Rf8 40. Bxf8 Rxf8 41. Rxe7 Rxf5 42. gxf5 Qd8 43. f6 Qf8 44. Rg7 Qxf6 45. Rg8+ Kxg8 46. e7+ Kh8 47. e8Q+ Kg7 48. Qg8+ Kh6 49. Qe6 1-0

[Event "Daventry 4NCL Easter op-A 2nd"]
[Site "Daventry"]
[Date "2022.04.16"]
[Round "2"]
[White "Burrows, Martin P"]
[Black "Horspool, Philip"]
[Result "1/2-1/2"]
[WhiteElo "2111"]
[BlackElo "2028"]
[PlyCount "67"]
[EventDate "2022.04.15"]
[EventType "swiss"]
[EventRounds "7"]
[EventCountry "ENG"]
[SourceTitle "CBM 207 Extra"]
[Source "ChessBase"]
[SourceDate "2022.05.31"]
[SourceVersion "1"]
[SourceVersionDate "2022.05.31"]
[SourceQuality "1"]

1. c4 Nf6 2. Nc3 e6 3. e4 c5 4. e5 Ng8 5. Nf3 Nc6 6. d4 cxd4 7. Nxd4 Nxe5 8. Ndb5 a6 9. Nd6+ Bxd6 10. Qxd6 f6 11. Be3 Ne7 12. Bb6 Nf5 13. Qc5 d6 14. Qa5 Qe7 15. 0-0-0 0-0 16. f4 Nd7 17. g4 Nh6 18. Bh3 Nxb6 19. Qxb6 Nf7 20. Rhe1 Qd8 21. Qe3 Qc7 22. g5 f5 23. Rg1 g6 24. Kb1 Qxc4 25. Bg2 Bd7 26. h4 Rfe8 27. h5 Bc6 28. Bxc6 bxc6 29. Rh1 e5 30. hxg6 hxg6 31. Qh3 Qe6 32. fxe5 d5 33. Rd2 Kf8 34. Qh4 1/2-1/2